Classement mondial des entreprises leader par secteur (habillement) - Statistiques

Statistiques générales
  • Ce quiz a été pris 70 fois
  • Le résultat moyen est 4 sur 7
Statistiques - réponses
Chiffres d'affaires Réponse % Correct
39,100,000,000€ Nike
76%
24,800,000,000€ Zara
76%
26,400,000,000€ Adidas
74%
22,200,000,000€ H&M
66%
60,100,000,000€ Dior
39%
18,900,000,000€ Uniqlo
18%
13,800,000,000€ Gap
13%
Aucun quiz correspondant
Distribution des résultats
% des personnes avec chaque résultat
Percentile par nombre de réponses
Votre historique - résultats
Vous n’avez pas pris ce quiz